000 00572nam a2200193Ia 4500
003 GCL
008 140319s9999 xx 000 0 ara d
040 _aGCL /
_cGCL
082 0 4 _a016
_bع ع
100 1 _aعبدالوهاب الصابونى
245 1 0 _aعيون المؤلفات /
_cعبدالوهاب الصابونى
260 _a[S.N] :
_bمعهد التراث العلمى العربى ،
_c1992
300 _a375 ص
490 _a
650 0 4 _aالمؤلفون
650 0 4 _aالببليوجرافيا
650 0 4 _aالمجموعات
942 _2ddc
_cBK
999 _c35200
_d35200